000 00434nam a22001457a 4500
999 _c2679
_d2679
008 200313b ||||| |||| 00| 0 eng d
020 _a9798181475939
100 _92284
_aKumar, Anurag
245 1 0 _aCommunication networking:an analytical approach
_cby Anurag Kumar.
250 _a1st rev. ed.
260 _aNew Delhi:
_bReed Elsevier,
_c2006.
300 _axxvii,929p.
650 0 _aTelecommunication - Switching systems
942 _cBK